000 00550nam a2200229Ia 4500
003 OSt
005 20220924145517.0
006 a|||||r|||| 00| 0
007 ta
008 TEL
024 _a328990
037 _cTextual
040 _aARTS
_cARTS
_bTEL
041 _2TEL
_aTEL
082 _aO:g, 35N6
100 _aEnoch Kolakaluri Au.
_9142659
245 0 _aAdhunika sahitya vimarsha sutram
260 _c1996
650 _aCRITICISM
_931425
942 _hO:g, 35N6
_cTEXL
_2CC
999 _c460273
_d460273